MARC

LEADER 00000nam0a2200000 4500
001 194014
005 20231031182145.0
035 |a (RuTPU)RU\TPU\book\211569 
090 |a 194014 
100 |a 20110401d1960 k y0rusy50 ca 
101 0 |a rus 
102 |a UA 
105 |a a z 001zy 
200 1 |a Электрическое моделирование стержневых и тонкостенных конструкций  |f Г. Е. Пухов  |g Академия наук Украинской ССР (АН УССР) 
210 |a Киев  |c Изд-во АН УССР  |d 1960 
215 |a 150 с.  |c ил. 
320 |a Библиогр.: с. 147-150. 
610 1 |a стержневые конструкции 
610 1 |a тонкостенные конструкции 
610 1 |a электрическое моделирование 
610 1 |a алгебраические уравнения 
610 1 |a электрические схемы 
610 1 |a балки 
610 1 |a рамы 
610 1 |a фермы 
610 1 |a пластинки 
610 1 |a кручение 
610 1 |a электрические сетки 
610 1 |a труды учёных ТПУ 
675 |a 624.04  |v 3 
700 1 |a Пухов  |b Г. Е.  |c российский ученый, специалист в области электротехники  |c профессор Томского политехнического университета  |f 1916-1998  |g Георгий Евгеньевич  |2 stltpush  |3 (RuTPU)RU\TPU\pers\19855 
712 0 2 |a Академия наук Украинской ССР (АН УССР)  |c (1936-1991)  |2 stltpush  |3 (RuTPU)RU\TPU\col\332 
801 1 |a RU  |b 63413507  |c 20110401 
801 2 |a RU  |b 63413507  |c 20110408  |g RCR 
942 |c BK